Iniciatívna a angažovaná osobnosť Muzikológ a pedagóg Zdenko Nováček 60-ročný

Bibliographic Details
Main Author: Mokrý, Ladislav, 1932-2000 (Author)
Format: Article
Language:Slovak
PhysicalDescription:Obr. 1.
Subjects:

MARC

LEADER 00000nab a2200000 a 4500
001 vtls000157510
003 SK-MaSNL
005 20260302210018.0
008 160215c1983 xo 0 slo
015 |a SNBRB19rr/mm-uuuuu 
035 |a CL0167617 
040 |a SNKBUCL  |b slo  |c SNKBUCL  |e AACR2 
041 0 |a slo 
044 |a xo  |c SK 
080 |a 78.072  |2 1981 
080 |a 929 Nováček, Zdenko  |2 1981 
100 1 |a Mokrý, Ladislav,  |d 1932-2000  |4 aut  |9 196630 
245 1 0 |a Iniciatívna a angažovaná osobnosť  |b Muzikológ a pedagóg Zdenko Nováček 60-ročný  |c Ladislav Mokrý 
300 |b Obr. 1. 
600 1 7 |a Nováček, Zdenko,  |d 1923-1987  |2 snkbucl  |9 198141 
655 7 |a články z novín a časopisov  |2 snkbucl  |9 267496 
773 0 |t Pravda  |g Roč. 64, č. 192 (16. 8. 1983), s. 5 
850 |a Slovenská národná knižnica v Martine  |a MTA001 
852 |a SNK  |b KIS3GCP 
958 |a BX 
958 |a RK 
992 |a RBX 
999 |c 1480467  |d 1482397